| Tag |
First Indicator |
Second Indicator |
Subfields |
| LEADER |
00000cam a22000008a 4500 |
| 001 |
in00002479721 |
| 005 |
20151110062438.0 |
| 008 |
090114s2009 cau b 000 0 eng |
| 010 |
|
|
|a 2009001415
|
| 020 |
|
|
|a 9780833042088 (pbk. : alk. paper)
|
| 020 |
|
|
|a 0833042084 (pbk. : alk. paper)
|
| 035 |
|
|
|a (OCoLC)ocn298670930
|
| 035 |
|
|
|a (OCoLC)298670930
|
| 040 |
|
|
|a DLC
|c DLC
|d SCT
|d TXA
|d UtOrBLW
|
| 043 |
|
|
|a n-us---
|
| 049 |
|
|
|a TXAM
|
| 050 |
0 |
0 |
|a UA17.5.U5
|b K547 2009
|
| 082 |
0 |
0 |
|a 355.6/1
|2 22
|
| 100 |
1 |
|
|a Klerman, Jacob Alex.
|
| 245 |
1 |
0 |
|a Data for DoD manpower policy analysis /
|c Jacob Alex Klerman.
|
| 246 |
3 |
|
|a Data for Department of Defense manpower policy analysis
|
| 263 |
|
|
|a 0902
|
| 264 |
|
1 |
|a Santa Monica, CA :
|b RAND,
|c [2009]
|
| 264 |
|
4 |
|c ©2009
|
| 300 |
|
|
|a xvi, 59 pages ;
|c 28 cm.
|
| 336 |
|
|
|a text
|b txt
|2 rdacontent
|
| 337 |
|
|
|a unmediated
|b n
|2 rdamedia
|
| 338 |
|
|
|a volume
|b nc
|2 rdacarrier
|
| 504 |
|
|
|a Includes bibliographical references.
|
| 610 |
1 |
0 |
|a United States.
|b Department of Defense
|x Personnel management
|x Data processing.
|
| 650 |
|
0 |
|a Manpower planning
|z United States
|x Data processing.
|
| 994 |
|
|
|a C0
|b TXA
|
| 948 |
|
|
|a cataloged
|b h
|c 2009/2/5
|d c
|e blrosas
|f 11:26:09 am
|
| 999 |
|
|
|a MARS
|
| 999 |
f |
f |
|s 220fe015-483b-31b3-8025-d0dba2c20ea0
|i 1c18b1ee-e750-373b-8aae-5d80f732184b
|t 0
|
| 952 |
f |
f |
|p noncirc
|a Texas A&M University
|b J.J. Pickle Campus
|c High Density Repository
|d Remote Storage
|t 0
|e UA17.5.U5 K547 2009
|h Library of Congress classification
|i unmediated -- volume
|m A14837558879
|
| 998 |
f |
f |
|a UA17.5.U5 K547 2009
|t 0
|l Remote Storage
|